| 000 | 01155nam a22002297a 4500 | ||
|---|---|---|---|
| 005 | 20170809105330.0 | ||
| 008 | 170809b xxu||||| |||| 00| 0 eng d | ||
| 020 | _a9781743603697 | ||
| 041 | _aFrench | ||
| 050 |
_aCD PC 2112.5 _b.F873 2015 |
||
| 082 | _a440 | ||
| 245 | _aFrench : phrasebook & CD | ||
| 260 |
_aAustralia : _bLonely Planet, _cc2015. |
||
| 300 |
_a1 CD ; _c4 3/4 in. |
||
| 500 | _aAudio CD | ||
| 520 | _aYour handy passport to culturally enriching travels with the most relevant and useful French phrases and vocabulary for all your travel needs. Ask about tucked-away vineyards, bargain with local farmers at the market or order wine like a professional; all with your trusted travel companion. The Audio CD includes 375 key phrases and can be downloaded as an MP3. | ||
| 650 |
_2Library of Congress Subject Headings _aFrench language _vEnglish _xConversation and phrasebooks |
||
| 650 |
_2Library of Congress Subject Headings _aFrench language _vDictionaries _xEnglish |
||
| 650 |
_2Library of Congress Subject Headings _aFrench language _vSound recordings for English speakers |
||
| 942 |
_2lcc _cAVM |
||
| 999 |
_c340928 _d340928 |
||